000 00681nam a2200241Ia 4500
003 IN-BaIIA
008 211028s9999 xx 000 0 eng d
020 _a978-0-7503-0072-8
040 _cIIA Library
080 _a530.145
_bGRO
100 _aGross, E. K. U
_920274
245 0 _aMany-pticle theory
_cE.K.U. Gross, E. Runge and O. Heinonen.
260 _aBristol
_bAdam Hilger
_c1991
300 _aix, 433p.
650 _aFermions
_920275
650 _aMany-Body problem
_91542
650 _aMany-Paticle theory
_920276
650 _aPerturbation
_97275
650 _aQuantum dynamics
_910561
700 _aHeinonen, O.
_920277
700 _aRunge, E.
_920278
942 _cBK
999 _c11711
_d11711